| 000 | 01638nam0a2200301 4500 | ||
|---|---|---|---|
| 001 | RU\NLR\bibl\202185 | ||
| 005 | 20250619093624.0 | ||
| 035 | _a(NLR Aleph) 000198502 | ||
| 090 |
_a1149833 _c1149833 |
||
| 100 | _a20011113d2000 |||y0rusy50 ca | ||
| 101 | 0 | _arus | |
| 102 | _aRU | ||
| 105 | _ay ||||||||| | ||
| 200 | 1 |
_aНачальное профессиональное образование России _eК 60-летию Труд. Резервов _fСоколов А.Г. _gКом. по образованию Администрации Санкт-Петербурга. Учеб.-метод. центр |
|
| 210 |
_aСПб. _cУчеб.-метод. центр Ком. по образованию Администрации Санкт-Петербурга _d2000 |
||
| 215 |
_a23 с. _d21 |
||
| 300 | _aНа 2-й с. обл. авт.: А.Г. Соколов, проф., д.ч. Акад. проф. образования | ||
| 606 | 0 |
_aНизшее профессиональное образование _yРоссийская Федерация _92080886 _3RU\NLR\auth\661256838 |
|
| 606 | 0 |
_aНачальное профессиональное образование _yРоссийская Федерация _92183504 _3RU\NLR\auth\661312903 |
|
| 686 | _aЧ463(2) | ||
| 700 | 1 |
_4070 _aСоколов _bА. Г. _cд-р пед. наук, проф.-тех. образование _f1926- _gАлександр Георгиевич _9253086 _3RU\NLR\AUTH\770253142 |
|
| 801 | 0 |
_aRU _bNLR _c20011113 _gPSBO |
|
| 801 | 1 |
_aRU _bNLR _c20011113 |
|
| 830 | _aАвт. по кн. | ||
| 942 | _cBOOK | ||
| 980 | _aNB | ||